<?xml version="1.0" encoding="UTF-8"?>
<record
    xmlns:xsi="http://www.w3.org/2001/XMLSchema-instance"
    xsi:schemaLocation="http://www.loc.gov/MARC21/slim http://www.loc.gov/standards/marcxml/schema/MARC21slim.xsd"
    xmlns="http://www.loc.gov/MARC21/slim">

  <leader>00775nam a22002537a 4500</leader>
  <controlfield tag="001">32711</controlfield>
  <controlfield tag="003">AR-RoBPED</controlfield>
  <controlfield tag="005">20260507151818.0</controlfield>
  <controlfield tag="008">260506s1948    ag a|||b |||| 001 0 spa d</controlfield>
  <datafield tag="040" ind1=" " ind2=" ">
    <subfield code="a">AR-RoBPED</subfield>
  </datafield>
  <datafield tag="041" ind1=" " ind2=" ">
    <subfield code="a">spa</subfield>
  </datafield>
  <datafield tag="100" ind1="1" ind2=" ">
    <subfield code="a">Arena, Luis</subfield>
    <subfield code="9">2441</subfield>
  </datafield>
  <datafield tag="245" ind1="1" ind2="0">
    <subfield code="a">Yunque sonoro /</subfield>
    <subfield code="c">Luis Arena ; ilustraciones de Alberto Guiraldes</subfield>
  </datafield>
  <datafield tag="250" ind1=" " ind2=" ">
    <subfield code="a">6a ed. </subfield>
  </datafield>
  <datafield tag="260" ind1=" " ind2=" ">
    <subfield code="a">Buenos Aires :</subfield>
    <subfield code="b">Estrada, </subfield>
    <subfield code="c">1948.</subfield>
  </datafield>
  <datafield tag="300" ind1=" " ind2=" ">
    <subfield code="a">306 p. :</subfield>
    <subfield code="b">il.</subfield>
  </datafield>
  <datafield tag="505" ind1=" " ind2=" ">
    <subfield code="a">Lecturas para sexto grado.</subfield>
  </datafield>
  <datafield tag="650" ind1=" " ind2="4">
    <subfield code="a">LIBROS DE LECTURA</subfield>
    <subfield code="9">15325</subfield>
  </datafield>
  <datafield tag="650" ind1=" " ind2="4">
    <subfield code="a">ARCHIVO INFANTIL</subfield>
    <subfield code="9">24464</subfield>
  </datafield>
  <datafield tag="650" ind1=" " ind2="4">
    <subfield code="a">SEXTO GRADO</subfield>
    <subfield code="9">1465</subfield>
  </datafield>
  <datafield tag="700" ind1=" " ind2=" ">
    <subfield code="a">G&#xFC;iraldes, Alberto</subfield>
    <subfield code="d">1897-1961</subfield>
    <subfield code="9">30868</subfield>
    <subfield code="e">il.</subfield>
  </datafield>
  <datafield tag="942" ind1=" " ind2=" ">
    <subfield code="2">udc</subfield>
    <subfield code="a">k. 32711</subfield>
    <subfield code="c">BK</subfield>
    <subfield code="h">372.4</subfield>
    <subfield code="k">IA</subfield>
    <subfield code="m">A 68y</subfield>
    <subfield code="p">inv. 42431</subfield>
  </datafield>
  <datafield tag="945" ind1=" " ind2=" ">
    <subfield code="a">mm 06/05/2026 - lgc 07/05/2026</subfield>
  </datafield>
  <datafield tag="952" ind1=" " ind2=" ">
    <subfield code="0">0</subfield>
    <subfield code="1">0</subfield>
    <subfield code="2">udc</subfield>
    <subfield code="4">0</subfield>
    <subfield code="7">0</subfield>
    <subfield code="a">BPED</subfield>
    <subfield code="b">BPED</subfield>
    <subfield code="d">2026-05-05</subfield>
    <subfield code="l">0</subfield>
    <subfield code="o">IA 372.4 A 68y</subfield>
    <subfield code="p">42431</subfield>
    <subfield code="r">2026-05-06 16:24:21</subfield>
    <subfield code="w">2026-05-06</subfield>
    <subfield code="x">mm 06/05/2026</subfield>
    <subfield code="y">BK</subfield>
    <subfield code="z">No se presta a domicilio.</subfield>
  </datafield>
  <datafield tag="999" ind1=" " ind2=" ">
    <subfield code="c">32711</subfield>
    <subfield code="d">32711</subfield>
  </datafield>
</record>
